Theory and problems of Intermediate algebra (Record no. 5941)

MARC details
000 -LEADER
fixed length control field 00551cam a2200193ua 4500
008 - FIXED-LENGTH DATA ELEMENTS--GENERAL INFORMATION
fixed length control field 140311n ii |||gr||||Z||||||eng
020 ## - INTERNATIONAL STANDARD BOOK NUMBER
International Standard Book Number 0-07-060598-X
040 ## - CATALOGING SOURCE
Transcribing agency MAIN
082 ## - DEWEY DECIMAL CLASSIFICATION NUMBER
Classification number 512
245 ## - TITLE STATEMENT
Title Theory and problems of Intermediate algebra
Statement of responsibility, etc. By Ray Steege
260 ## - PUBLICATION, DISTRIBUTION, ETC.
Place of publication, distribution, etc. New delhi:
Name of publisher, distributor, etc. Tata McGraw-hill publishing company limited,
Date of publication, distribution, etc. 2005.
300 ## - PHYSICAL DESCRIPTION
Extent x,377p.
700 ## - ADDED ENTRY--PERSONAL NAME
Personal name Steege,Ray,
Relator term
700 ## - ADDED ENTRY--PERSONAL NAME
Personal name Bailey,Kerry,
Relator term
942 ## - ADDED ENTRY ELEMENTS (KOHA)
Koha item type Books
653 ## - INDEX TERM--UNCONTROLLED
Uncontrolled term Algebra
653 ## - INDEX TERM--UNCONTROLLED
Uncontrolled term Theory and problems of Intermediate algebra
Holdings
Withdrawn status Lost status Damaged status Not for loan Home library Current library Shelving location Date acquired Total Checkouts Full call number Barcode Date last seen Copy number Price effective from Koha item type
        Naharkatiya College Library Naharkatiya College Library General Stacks 19/09/2020   512 | STE 16995 19/09/2020 1 19/09/2020 Books

Naharkatiya College © 2020. All rights reserved.

Powered By